000 00347nam a22001337a 4500
020 _a9788174734495
082 _a001.4 MUS
100 _aA. Mustafa
245 _aResearch methodology
260 _aNew Delhi
_bAitbs Publishers
_c2015
300 _a251p.
_bill.;
650 _aResearch methodology
_aReport Writing
_aInformation Retrieval
942 _cBK
999 _c13549
_d13549